[Event "Klubbmesterskap, klasse 1"]
[Site "Ås"]
[Date "1989.05.30"]
[Round "9"]
[White "Hellberg, Lars"]
[Black "Lea, Per"]
[Result "0-1"]
[WhiteElo "1394"]
[BlackElo "1672"]
[PlyCount "82"]
[EventDate "1989.02.14"]

1. e4 e5 2. Nf3 Nc6 3. Bb5 a6 4. Ba4 Nf6 5. d4 Nxe4 6. O-O Be7 7. Re1 b5 8. Bb3
d5 9. dxe5 Be6 10. Nd4 Nxd4 11. Qxd4 c5 12. Qe3 c4 13. Bxc4 Bc5 14. Qe2 Bxf2+
15. Kf1 Bxe1 16. Bxb5+ axb5 17. Qxb5+ Qd7 18. Qxd7+ Kxd7 19. Kxe1 d4 20. a4
Rhe8 21. b4 Bc4 22. Bb2 Rxe5 23. Bxd4 Rf5 24. Nd2 Nxd2 25. Kxd2 Rd5 26. Kc3 Rc8
27. Bc5 Ba6 28. Re1 Re8 29. Rxe8 Kxe8 30. Kb3 Kd7 31. c4 Rxc5 32. bxc5 Kc6 33.
Kb4 f5 34. Kc3 Kxc5 35. Kd3 Bxc4+ 36. Ke3 g5 37. g3 Kd5 38. Kf3 Ke5 39. h3 h5
40. g4 hxg4+ 41. hxg4 f4 0-1

[Event "Høstturnering"]
[Site "Ås"]
[Date "1989.03.30"]
[Round "?"]
[White "Weberg, Øyvind"]
[Black "Johansen, Anders Sten"]
[WhiteElo "1645"]
[BlackElo "1522"]
[Result "0-1"]
[PlyCount "90"]
[EventDate "1989.09.19"]

1. e4 c5 2. Nf3 d6 3. d4 cxd4 4. Nxd4 Nf6 5. Nc3 Nc6 6. Bc4 e6 7. f3 Be7 8. Be3
Bd7 9. Ndb5 Ne5 10. Be2 Bxb5 11. Bxb5+ Nc6 12. Qd2 O-O 13. O-O-O a6 14. Ba4 Rc8
15. Kb1 Qa5 16. Bxc6 Rxc6 17. Nd5 Qd8 18. Nxe7+ Qxe7 19. Bg5 Rd8 20. c3 b5 21.
a3 a5 22. Qf4 Rb6 23. Rd2 Rdb8 24. Rhd1 e5 25. Qh4 b4 26. axb4 axb4 27. c4 b3
28. Qe1 Qa7 29. Rf2 Rc8 30. Qc3 Qa2+ 31. Kc1 Rbc6 32. Kd2 Rxc4 33. Qe3 Qxb2+
34. Ke1 Qa3 35. Rb1 Rc3 36. Qb6 Nd7 37. Qb5 Nc5 38. Rd2 Na4 39. Rxd6 Qxd6 40.
Qxa4 Qd4 41. Qxd4 exd4 42. Kd1 Rb8 43. Bd2 Rc2 44. Rxb3 Rxd2+ 45. Kxd2 Rxb3 0-1

[Event "Høstturnering"]
[Site "Ås"]
[Date "1989.??.??"]
[Round "?"]
[White "Furnes, Torstein"]
[Black "Grønvold, Jan"]
[WhiteElo "1032"]
[BlackElo "1278"]
[Result "1-0"]
[PlyCount "83"]
[EventDate "1989.09.19"]

1. d4 Nf6 2. c4 e5 3. d5 Bc5 4. Nc3 Ng4 5. Ne4 Qe7 6. Bg5 f6 7. Bd2 Bb6 8. h3
Nh6 9. Rc1 d6 10. Nf3 Bf5 11. Ng3 Bg6 12. e4 Nd7 13. Bd3 Nc5 14. Bc2 O-O-O 15.
b4 Na6 16. O-O Nf7 17. Nh4 Nb8 18. Nxg6 hxg6 19. Qg4+ Nd7 20. Qxg6 Rdg8 21. Nf5
Qf8 22. Ba4 Nb8 23. Rc3 c6 24. Rfc1 c5 25. Rb3 Na6 26. b5 Nc7 27. Rg3 Ne8 28.
Bd1 Nh6 29. a4 Nxf5 30. Qxf5+ Kb8 31. a5 Bc7 32. Qd7 g5 33. Bg4 Ng7 34. a6 b6
35. Qc6 Qc8 36. Bxc8 Kxc8 37. Qb7+ Kd8 38. Qxa7 Kd7 39. Qb7 Nh5 40. Ra3 g4 41.
a7 gxh3 42. a8=Q 1-0

[Event "Høstturnering"]
[Site "Ås"]
[Date "1989.??.??"]
[Round "?"]
[White "Johansen, Anders Sten"]
[Black "Isaksson, Tomas"]
[WhiteElo "1522"]
[BlackElo "1190"]
[Result "1-0"]
[PlyCount "75"]
[EventDate "1989.09.19"]

1. e4 e5 2. Nf3 Nc6 3. Bb5 a6 4. Ba4 Nf6 5. O-O b5 6. Bb3 Be7 7. Re1 d6 8. h3
Na5 9. c3 Nxb3 10. Qxb3 Be6 11. Qd1 c5 12. d4 Qc7 13. d5 Bd7 14. Nbd2 O-O 15.
Nf1 h6 16. Ng3 c4 17. Be3 a5 18. Qd2 Rab8 19. a3 Kh7 20. Rac1 Rb7 21. Qe2 Rg8
22. Nh2 g6 23. Ng4 Bxg4 24. hxg4 g5 25. f3 Rg7 26. Nf5 Rg6 27. Kf2 Bf8 28. Rh1
Kg8 29. Rh3 Nh7 30. Rch1 f6 31. Qd2 Bg7 32. g3 Qf7 33. Nxd6 Qd7 34. Nxb7 Qxb7
35. d6 Qd7 36. Qd5+ Kf8 37. Qa8+ Kf7 38. Rd1 1-0

[Event "Høstturnering"]
[Site "Ås"]
[Date "1989.??.??"]
[Round "?"]
[White "Wilberg, Alf"]
[Black "Rosenfeld, Hans Joachim"]
[WhiteElo "1473"]
[BlackElo "1225"]
[Result "1-0"]
[PlyCount "96"]
[EventDate "1989.09.19"]

1. d4 d5 2. Nf3 Nf6 3. Bf4 c5 4. c3 e6 5. e3 Nc6 6. Nbd2 Bd6 7. Ne5 Qc7 8. Ndf3
cxd4 9. exd4 Bxe5 10. Nxe5 Nxe5 11. Bxe5 Qe7 12. Bd3 O-O 13. Qf3 Nd7 14. Qh3 f5
15. f4 Nxe5 16. fxe5 Qg5 17. O-O h5 18. Rf3 Qg4 19. Raf1 g5 20. Rg3 Qxh3 21.
Rxg5+ Kh7 22. gxh3 Kh6 23. h4 Rf7 24. Kf2 Rg7 25. Rfg1 Rxg5 26. hxg5+ Kg6 27.
h4 Bd7 28. c4 Bc6 29. b4 a6 30. Rc1 b5 31. cxd5 Bxd5 32. a3 Bc4 33. Ke3 Rc8 34.
Be2 Rc6 35. Bxc4 Rxc4 36. Rd1 Rc2 37. d5 exd5 38. Rxd5 Rc3+ 39. Rd3 f4+ 40. Ke4
Rc4+ 41. Rd4 f3 42. Rxc4 bxc4 43. Kxf3 c3 44. Ke2 c2 45. Kd2 c1=Q+ 46. Kxc1 Kf5
47. Kd2 Kxe5 48. a4 Kf5 1-0

[Event "Høstturnering"]
[Site "Ås"]
[Date "1989.??.??"]
[Round "?"]
[White "Olsen, Trygve"]
[Black "Furnes, Torstein"]
[WhiteElo "1396"]
[BlackElo "1032"]
[Result "1-0"]
[PlyCount "71"]
[EventDate "1989.09.19"]

1. d4 d5 2. c4 e6 3. a3 Nf6 4. Nc3 Be7 5. Bf4 a6 6. Nf3 b6 7. b4 Bb7 8. b5 dxc4
9. bxa6 Rxa6 10. Nb5 Nd5 11. Bg3 c6 12. e4 cxb5 13. exd5 Bxd5 14. Be2 Rxa3 15.
O-O b4 16. Ne5 b5 17. Qb1 Qb6 18. Rxa3 bxa3 19. Bxc4 b4 20. Qd3 O-O 21. Bxd5
exd5 22. Qb3 Qb5 23. Rc1 f6 24. Nd3 Nd7 25. Nf4 Nb6 26. Ne6 Ra8 27. Nc7 Rc8 28.
Bf4 Qd7 29. Qg3 Na4 30. Re1 g5 31. Nxd5 Qxd5 32. Rxe7 Kf8 33. Rxh7 Rc3 34. Be3
Rc8 35. Qh3 a2 36. Qxc8+ 1-0

[Event "Høstturnering"]
[Site "Ås"]
[Date "1989.??.??"]
[Round "?"]
[White "Johansen, Anders Sren"]
[Black "Teigen, Jan"]
[Result "1/2-1/2"]
[WhiteElo "1522"]
[BlackElo "1756"]
[PlyCount "78"]
[EventDate "1989.09.19"]

1. e4 c5 2. Nc3 e6 3. g3 Nc6 4. Bg2 g6 5. d3 Bg7 6. Be3 d6 7. f4 Nge7 8. Nf3
Qa5 9. Qd2 b5 10. O-O b4 11. Nd1 O-O 12. Nh4 Qb6 13. f5 exf5 14. exf5 Nxf5 15.
Nxf5 Bxf5 16. Bh6 Be6 17. Qf4 Rad8 18. Bxg7 Kxg7 19. Qf6+ Kg8 20. Ne3 c4 21.
Rae1 Ne5 22. Kh1 cxd3 23. cxd3 Nxd3 24. Re2 Qc5 25. Rd1 Ne5 26. Nd5 Bxd5 27.
Bxd5 Qc7 28. Re4 Rfe8 29. Rf1 Rf8 30. Rd1 Qc2 31. Rf1 Rd7 32. Rh4 Qxb2 33. Qf4
Nd3 34. Qh6 Qg7 35. Qd2 Nc5 36. Rxb4 Qe5 37. Re1 Qf6 38. Qf4 Qg7 39. Bc6 Rdd8 {
Notasjon uleselig...} 1/2-1/2

[Event "Høstturnering"]
[Site "Ås"]
[Date "1989.??.??"]
[Round "?"]
[White "Johansen, Anders Sten"]
[Black "Lund, Ståle"]
[Result "1-0"]
[WhiteElo "1522"]
[BlackElo "1173"]
[PlyCount "33"]
[EventDate "1989.09.19"]

1. e4 e5 2. Nc3 Nf6 3. f4 Nc6 4. fxe5 Nxe5 5. d4 Ng6 6. Bc4 d6 7. Nf3 Be7 8.
O-O Nxe4 9. Bxf7+ Kxf7 10. Nxe4 Ke8 11. Bg5 Bf5 12. Ng3 Bg4 13. Bxe7 Nxe7 14.
h3 Be6 15. Qe2 Kd7 16. Ng5 Qg8 17. Rae1 1-0

[Event "Høstturnering"]
[Site "Ås"]
[Date "1989.??.??"]
[Round "?"]
[White "Wilberg, Alf"]
[Black "Teigen, Jan"]
[Result "1/2-1/2"]
[WhiteElo "1473"]
[BlackElo "1756"]
[PlyCount "71"]
[EventDate "1989.09.19"]

1. d4 f5 2. Nf3 e6 3. Bf4 Nf6 4. e3 Be7 5. Bc4 O-O 6. Nbd2 c6 7. c3 a5 8. O-O
Qe8 9. a4 Ne4 10. Bd3 Nxd2 11. Qxd2 d6 12. e4 h6 13. e5 d5 14. h4 Qh5 15. g3 b6
16. Kg2 Ba6 17. Bxa6 Nxa6 18. Qd3 Nc7 19. b3 g5 20. hxg5 hxg5 21. Rh1 Qg6 22.
Bd2 Kg7 23. Rh2 Rh8 24. Rah1 Rxh2+ 25. Rxh2 Rh8 26. Rxh8 Kxh8 27. g4 Kg7 28.
Nh2 f4 29. Qxg6+ Kxg6 30. Nf3 b5 31. axb5 cxb5 32. Ne1 a4 33. b4 Na8 34. Nc2
Nb6 35. Na3 Nc4 36. Nxc4 1/2-1/2

[Event "Høstturnering"]
[Site "Ås"]
[Date "1989.??.??"]
[Round "?"]
[White "Wilberg, Alf"]
[Black "Søndrehagen, Kjell Erik"]
[Result "1-0"]
[WhiteElo "1473"]
[BlackElo "912"]
[PlyCount "47"]
[EventDate "1989.09.19"]

1. d4 Nf6 2. Nf3 d5 3. Bf4 Bd7 4. e3 h6 5. Bd3 e6 6. Nbd2 Nc6 7. c3 Bd6 8. Ne5
Bxe5 9. dxe5 Ne4 10. Nxe4 dxe4 11. Bxe4 Qe7 12. Qb3 O-O-O 13. a4 Qc5 14. O-O b6
15. Qb5 Qxb5 16. axb5 Na5 17. b4 Bxb5 18. bxa5 Bxf1 19. Kxf1 Kb8 20. Ke2 g5 21.
Bg3 Rhg8 22. f4 Rd7 23. Bc6 Re7 24. c4 1-0

[Event "Høstturnering"]
[Site "Ås"]
[Date "1989.??.??"]
[Round "?"]
[White "Lund, Ståle"]
[Black "Samset, Jon"]
[Result "0-1"]
[WhiteElo "1173"]
[BlackElo "1005"]
[PlyCount "48"]
[EventDate "1989.09.19"]

1. e4 e5 2. Nf3 Nc6 3. Bc4 Bc5 4. Nc3 Nf6 5. d3 h6 6. a3 O-O 7. b4 Bd4 8. Bb2
d6 9. h3 Be6 10. Bxe6 fxe6 11. b5 Ne7 12. Nxd4 exd4 13. Ne2 e5 14. O-O Qe8 15.
a4 Qh5 16. f4 Qh4 17. Bc1 Rf7 18. Bd2 Raf8 19. Be1 Qh5 20. Rf3 Qg6 21. f5 Qh7
22. Bd2 g6 23. Rg3 Rg7 24. Rxg6 Nxg6 0-1

[Event "Høstturnering"]
[Site "Ås"]
[Date "1989.??.??"]
[Round "?"]
[White "Mielnik, Jan"]
[Black "Wilberg, Alf"]
[Result "0-1"]
[WhiteElo "1102"]
[BlackElo "1473"]
[PlyCount "110"]
[EventDate "1989.09.19"]

1. e4 c6 2. Nf3 d5 3. e5 Bf5 4. d4 e6 5. a3 Ne7 6. b4 Nd7 7. Be2 Ng6 8. O-O Be7
9. Be3 O-O 10. Nbd2 b6 11. Nb3 f6 12. exf6 Nxf6 13. Ne5 Nxe5 14. dxe5 Ne4 15.
Qd4 c5 16. bxc5 bxc5 17. Qb2 Rb8 18. c4 d4 19. Rad1 Qb6 20. Rd3 dxe3 21. Rxe3
Bg5 22. f4 Be7 23. Bf3 Rfd8 24. Bxe4 Bxe4 25. Rxe4 Qxb3 26. Qxb3 Rxb3 27. Ra1
Rd4 28. Rxd4 cxd4 29. a4 Rb4 30. Kf2 Rxc4 31. Ra2 a5 32. Ke2 Rc3 33. Rd2 Re3+
34. Kf2 Bc5 35. Rc2 Rc3 36. Rxc3 dxc3+ 37. Ke2 c2 38. Kd2 Be3+ 39. Kxc2 Bxf4
40. Kb3 Bxe5 41. g3 h5 42. Kc4 g5 43. Kd3 h4 44. gxh4 Bxh2 45. hxg5 Kg7 46. Ke4
Kg6 47. Kf3 Kxg5 48. Ke4 e5 49. Kf3 Kf5 50. Ke3 Bg1+ 51. Ke2 Kf4 52. Kf1 Bc5
53. Ke2 e4 54. Kd2 Kf3 55. Ke1 Bb4+ 0-1

[Event "Høstturnering"]
[Site "Ås"]
[Date "1989.??.??"]
[Round "?"]
[White "Grønvold, Jan"]
[Black "Wilberg, Alf"]
[Result "1/2-1/2"]
[WhiteElo "1278"]
[BlackElo "1473"]
[PlyCount "38"]
[EventDate "1989.09.19"]

1. e4 c6 2. d4 d5 3. e5 Bf5 4. Bg5 h6 5. Bh4 Qb6 6. b3 e6 7. Nf3 Ne7 8. c4 Ng6
9. Bg3 Bb4+ 10. Nbd2 O-O 11. Be2 Nd7 12. a3 Be7 13. b4 a5 14. c5 Qc7 15. O-O
axb4 16. axb4 b6 17. Nb3 bxc5 18. bxc5 Rfb8 19. Rxa8 Rxa8 1/2-1/2

[Event "Høstturnering"]
[Site "Ås"]
[Date "1989.??.??"]
[Round "?"]
[White "Samset, Jon"]
[Black "Wilberg, Alf"]
[Result "0-1"]
[WhiteElo "1005"]
[BlackElo "1473"]
[PlyCount "86"]
[EventDate "1989.09.19"]

1. c4 b6 2. Nf3 Bb7 3. e3 Nf6 4. g3 e6 5. Bg2 c5 6. O-O Nc6 7. b3 Nb4 8. d4 d5
9. a3 Nc6 10. Bb2 Qd7 11. Nc3 Be7 12. h3 Rd8 13. Ne5 Nxe5 14. dxe5 Ng8 15. Qg4
Bf8 16. f4 Nh6 17. Qe2 Nf5 18. Kh2 d4 19. Rad1 Bxg2 20. Kxg2 Nxe3+ 21. Qxe3
dxe3 22. Rxd7 Rxd7 23. Kf3 Rd3 24. Re1 e2+ 25. Kg2 Be7 26. Rxe2 Kd7 27. Kf2 Kc6
28. Re3 Rd2+ 29. Re2 Rhd8 30. Bc1 Rxe2+ 31. Nxe2 Rd3 32. h4 Rxb3 33. g4 Bxh4+
34. Kg2 Be7 35. g5 b5 36. cxb5+ Kxb5 37. Kf2 Bd8 38. Kg2 Bb6 39. Kf2 c4+ 40.
Ke1 Be3 41. Bxe3 Rxe3 42. Kd2 Rxa3 43. Nd4+ Kc5 0-1

[Event "Høstturnering"]
[Site "Ås"]
[Date "1989.09.19"]
[Round "1"]
[White "Madsen, Morten"]
[Black "Lea, Per"]
[WhiteElo "685"]
[BlackElo "1604"]
[EventDate "1989.09.19"]
[Result "0-1"]
[PlyCount "68"]
1.d4 d5 2.Nc3 Bf5 3.Bf4 e6 4.e3 Nf6 5.Bd3 Bb4 6.Ne2 O-O 7.O-O c6 8.
a3 Bd6 9.Ng3 Bxd3 10.Qxd3 Na6 11.Rfe1 c5 12.Bxd6 c4 13.Qe2 Qxd6 14.e4
dxe4 15.Nb5 Qc6 16.Nc3 Rad8 17.Rad1 Qb6 18.Qxc4 Qxb2 19.Ncxe4 Nxe4 20.
Nxe4 Rc8 21.Nc5 Nxc5 22.dxc5 Qxa3 23.Re5 Rfd8 24.Rde1 b6 25.g3 Rxc5
26.Rxc5 Qxc5 27.Qe4 Rc8 28.Re2 b5 29.Qe5 Qxe5 30.Rxe5 a6 31.h4 Rxc2
32.Re3 b4 33.Re1 b3 34.Rb1 b2
0-1

[Event "Høstturnering"]
[Site "Ås"]
[Date "1989.10.03"]
[Round "2"]
[White "Lea, Per"]
[Black "Hanssen, Fredrik"]
[WhiteElo "1604"]
[BlackElo "984"]
[EventDate "1989.09.19"]
[Result "1-0"]
[PlyCount "55"]
1.e4 e5 2.Nf3 Nc6 3.Bb5 a6 4.Ba4 Nf6 5.O-O Nxe4 6.d4 f6 7.Re1 Nd6 8.
dxe5 fxe5 9.Bxc6 dxc6 10.Nxe5 Be7 11.Qh5+ Kf8 12.Ng6+ hxg6 13.Qxh8+
Kf7 14.Qxd8 Bxd8 15.Nc3 Bf5 16.Re2 Bf6 17.Bf4 Rh8 18.Nd1 g5 19.Bg3
Rd8 20.c3 c5 21.Ne3 Bg6 22.Ng4 c6 23.Nxf6 gxf6 24.Rd1 Re8 25.Rxe8
Nxe8 26.Rd7+ Kg8 27.Rxb7 Nd6 28.Bxd6
1-0

[Event "Høstturnering"]
[Site "Ås"]
[Date "1989.10.10"]
[Round "3"]
[White "Teigen, Jan"]
[Black "Lea, Per"]
[WhiteElo "1756"]
[BlackElo "1604"]
[EventDate "1989.09.19"]
[Result "1-0"]
[PlyCount "73"]
1.f4 d5 2.e3 g6 3.Nf3 Bg7 4.Be2 Nf6 5.O-O O-O 6.d3 c5 7.Qe1 Nc6 8.
a4 b6 9.c3 Bb7 10.Qh4 e6 11.d4 Ne4 12.Qh3 Bc8 13.g4 Ne7 14.Nbd2 Nf6
15.b4 Qc7 16.Ba3 c4 17.b5 Re8 18.Ne5 Nd7 19.Ndf3 f6 20.Nxd7 Bxd7 21.
Bd1 a6 22.Bxe7 Rxe7 23.bxa6 Rxa6 24.Bc2 Qa7 25.Rae1 Bxa4 26.Bb1 Bc6
27.f5 Be8 28.e4 dxe4 29.Bxe4 b5 30.fxe6 Kh8 31.Nh4 Raxe6 32.Nxg6+
Bxg6 33.Bxg6 Bf8 34.Rxe6 Rxe6 35.g5 Qe7 36.gxf6 Qd7 37.Bf5
1-0

[Event "Høstturnering"]
[Site "Ås"]
[Date "1989.10.17"]
[Round "4"]
[White "Sønderhagen, Kjell-Erik"]
[Black "Lea, Per"]
[WhiteElo "912"]
[BlackElo "1604"]
[EventDate "1989.09.19"]
[Result "0-1"]
[PlyCount "28"]
1.e4 e5 2.d3 Nf6 3.Be2 Bc5 4.Nf3 Nc6 5.Bd2 O-O 6.a3 Ng4 7.d4 exd4 8.
Nxd4 Nxf2 9.Kxf2 Qf6+ 10.Bf3 Qxd4+ 11.Ke2 Qf2+ 12.Kd3 Ne5+ 13.Kc3 Qd4+
14.Kb3 Qc4#
0-1

[Event "Høstturnering"]
[Site "Ås"]
[Date "1989.10.24"]
[Round "5"]
[White "Lea, Per"]
[Black "Wilberg, Alf"]
[WhiteElo "1604"]
[BlackElo "1473"]
[EventDate "1989.09.19"]
[Result "1/2-1/2"]
[PlyCount "50"]
1.e4 c6 2.d4 d5 3.Nc3 dxe4 4.Nxe4 Nf6 5.Nxf6+ gxf6 6.Bc4 Bf5 7.Bf4
e6 8.Ne2 Bd6 9.Qd2 Qc7 10.O-O-O Nd7 11.Bxd6 Qxd6 12.Ng3 Bg6 13.Qh6
Nb6 14.Bb3 a5 15.a3 a4 16.Ba2 Qf8 17.Qf4 Qe7 18.Ne4 Bxe4 19.Qxe4
O-O-O 20.Rhe1 Qd6 21.f4 f5 22.Qe5 Rhg8 23.g4 Qxe5 24.Rxe5 h5 25.c4 h4
1/2-1/2

[Event "Høstturnering"]
[Site "Ås"]
[Date "1989.10.31"]
[Round "6"]
[White "Rosenfeld, Hans J"]
[Black "Lea, Per"]
[WhiteElo "1225"]
[BlackElo "1604"]
[EventDate "1989.09.19"]
[Result "0-1"]
[PlyCount "64"]
1.e4 e5 2.Nf3 Nc6 3.Bc4 Nf6 4.Ng5 d5 5.exd5 Na5 6.Bb5+ c6 7.dxc6
bxc6 8.Be2 h6 9.Nf3 e4 10.Ne5 Qd4 11.f4 Bc5 12.Rf1 Qd6 13.c3 Nb7 14.
Qb3 O-O 15.Bc4 Nd8 16.d4 exd3 17.Nxd3 Rb8 18.Qc2 Bf5 19.Nd2 Re8+ 20.
Kd1 Re3 21.Rf3 Bg4 22.Nxc5 Bxf3+ 23.gxf3 Qxc5 24.Ne4 Nxe4 25.Bxe3 Qxc4
26.fxe4 Qf1+ 27.Kd2 Qxa1 28.b3 Qh1 29.Kd3 Qf1+ 30.Kd2 Qg2+ 31.Kd3
Qxc2+ 32.Kxc2 a6
0-1

[Event "Høstturnering"]
[Site "Ås"]
[Date "1989.11.07"]
[Round "7"]
[White "Lea, Per"]
[Black "Johansen, Anders Sten"]
[WhiteElo "1604"]
[BlackElo "1522"]
[EventDate "1989.09.19"]
[Result "1/2-1/2"]
[PlyCount "34"]
1.e4 c6 2.d4 d5 3.Nc3 dxe4 4.Nxe4 Bf5 5.Ng3 Bg6 6.Nf3 Nd7 7.h4 h6 8.
h5 Bh7 9.Bd3 Bxd3 10.Qxd3 Qc7 11.Be3 e6 12.O-O-O O-O-O 13.Ne4 Ngf6 14.
Nxf6 Nxf6 15.Ne5 Bd6 16.Bf4 Nd5 17.Bg3 Rhe8
1/2-1/2

[Event "Høstturnering"]
[Site "Ås"]
[Date "1989.11.14"]
[Round "8"]
[White "Skaug, Thorbjørn"]
[Black "Lea, Per"]
[WhiteElo "1124"]
[BlackElo "1604"]
[EventDate "1989.09.19"]
[Result "0-1"]
[PlyCount "81"]
1.b4 e5 2.Bb2 Bxb4 3.Bxe5 Nf6 4.Nc3 Nc6 5.Bxf6 Qxf6 6.Nd5 Qe5 7.Nxb4
Nxb4 8.Rb1 c5 9.Nf3 Qe6 10.Rb3 O-O 11.a3 Na6 12.e3 d5 13.d4 c4 14.
Rb1 Nc7 15.c3 b5 16.Qc2 Qf6 17.Rb2 Bf5 18.Qc1 Qe7 19.Rd2 a5 20.Be2
Rfb8 21.Ne5 Qd6 22.h3 f6 23.g4 Be6 24.Nf3 b4 25.a4 bxc3 26.Qxc3 Rb3
27.Qc2 Bd7 28.O-O Bxa4 29.Bxc4 Rb4 30.Bxd5+ Nxd5 31.Qc5 Qc6 32.Rc1
Rc8 33.e4 Ne7 34.Qxc6 Rxc6 35.Rxc6 Nxc6 36.d5 Ne5 37.Nxe5 fxe5 38.f3
Rd4 39.Ra2 Kf7 40.Kg2 Rc4 41.Kg3
0-1

[Event "Høstturnering"]
[Site "Ås"]
[Date "1989.11.28"]
[Round "9"]
[White "Lea, Per"]
[Black "Samset, Jon"]
[WhiteElo "1604"]
[BlackElo "1005"]
[EventDate "1989.09.19"]
[Result "1-0"]
[PlyCount "53"]
1.e4 e5 2.Nf3 Nf6 3.Nxe5 d6 4.Nf3 Nxe4 5.d4 d5 6.Bd3 Nc6 7.O-O Bg4
8.c3 Qd6 9.Re1 f5 10.Nbd2 O-O-O 11.Nf1 Bxf3 12.Qxf3 g6 13.Bf4 Qd7 14.
Qh3 Kb8 15.f3 Nf6 16.Bg5 Bg7 17.Qh4 Rdf8 18.Nd2 h6 19.Bxf6 Bxf6 20.
Qf2 h5 21.Re2 g5 22.Nb3 h4 23.Nc5 Qf7 24.Re6 f4 25.Rxf6 Qh5 26.Rxf8+
Rxf8 27.Nd7+
1-0

[Event "Klubbmesterskap klasse 1"]
[Site "NLH"]
[Date "1990.??.??"]
[Round "?"]
[White "Stensland, Martin"]
[Black "Furnes, Harald"]
[Result "0-1"]
[WhiteElo "1250"]
[BlackElo "1479"]
[PlyCount "70"]
[EventDate "1990.01.03"]

1. Nf3 d5 2. d4 e6 3. Bg5 Be7 4. Qd2 Nf6 5. Nc3 c5 6. dxc5 Bxc5 7. e3 a6 8. Be2
Nbd7 9. a3 b5 10. b4 Be7 11. Qd3 Bb7 12. O-O Rc8 13. Qd4 Qc7 14. Nxb5 axb5 15.
Bxb5 O-O 16. Rfc1 e5 17. Qh4 e4 18. Nd4 Ne5 19. h3 Ng6 20. Qg3 Bd6 21. f4 exf3
22. Qxf3 Ne4 23. c4 Nxg5 24. Qe2 Ne4 25. Qb2 Bh2+ 26. Kf1 Qe5 27. cxd5 Qf6+ 28.
Ke1 Bg3+ 29. Kd1 Bxd5 30. Rxc8 Rxc8 31. Rc1 Rxc1+ 32. Qxc1 h6 33. Qc8+ Kh7 34.
Be2 Nd6 35. Qg4 Be5 0-1

[Event "Klubbmesterskap klasse 1"]
[Site "Ås"]
[Date "1990.05.15"]
[Round "8"]
[White "Lea, Per"]
[Black "Teigen, Jan"]
[Result "0-1"]
[WhiteElo "1601"]
[BlackElo "1746"]
[Annotator "Lea,Per"]
[PlyCount "52"]
[EventDate "1990.??.??"]

1. e4 g6 {Jan har tidligere vÃ¦rt trofast Sicilianer, sÃ¥ dette var litt av en
overraskelse.} 2. d4 Bg7 3. c4 d6 4. Nc3 Nf6 {Her begynner jeg faktisk Ã¥ føle
meg hjemme; kongeindisk er en gammel kjÃ¦rlighet - om enn litt rusten etter
alle disse Ã¥rene. Dessuten har jeg - med tre unntak - spilt den som SVART!} 5.
Nf3 O-O 6. Be2 Nc6 7. O-O h6 8. h3 e5 9. d5 Ne7 10. Be3 {Bortsett fra at
trekkene h3 og h6 er skutt inn, er vi nÃ¥ inne i en moderne variant av
kongeindisk} Nd7 11. Qd2 Kh7 12. Nh2 f5 13. f4 {Ofte er det bedre Ã¥ spille f3
og tillate svart Ã¥ gÃ¥ til f4, noe jeg forøvrig nylig prøvde i en annen
kongeinder i postsjakk, riktig nok mot den tradisjonelle svarte oppbygningen
med springermanøveren b8-d7-c5. Psykologene (Thorbjørn + Anders) fÃ¥r forklare
oss hvorfor sjakkspillere forkaster gode ideer pÃ¥ denne mÃ¥ten.} exf4 14. Rxf4
g5 15. Rf2 Ne5 16. Nf3 N7g6 17. Raf1 Nxf3+ 18. Rxf3 Nh4 19. R3f2 Be5 20. Bd1
Bg3 21. Re2 f4 22. Bf2 Bxh3 {I kommentarene fra 1990 forsynte jeg dette
trekket med !? og foreslo i stedet} (22... f3 {uten Ã¥ se at fordelen tipper
over pÃ¥ hvits side etter} 23. Bxg3 fxe2 24. Qxe2 Ng6 25. e5 dxe5 26. Bc2) 23.
Bxg3 fxg3 24. Rxf8 Qxf8 25. Bc2 $2 (25. e5 Bg4 26. Re1 Bxd1 27. Rxd1 dxe5 28.
Ne4 $17) (25. Qe1 $1 {foreslo jeg i 1990, men "!" burde nok erstattes med "??":
} Qf3 26. gxf3 Nxf3+ 27. Kh1 g2+ 28. Rxg2 Bxg2+ 29. Kxg2 Nxe1+ 30. Kg3 Nd3 {
og hvit kan bare pakke sammen.}) 25... Bxg2 26. Rxg2 $4 {En bukk i en hÃ¥løst
tapt stilling. Da Jan forlot Ås, var stillingen i vÃ¥re innbyrdes partier 0-5,
og det er vel ikke sÃ¥ overraskende etter Ã¥ ha spilt gjennom dette partiet.}
Nf3+ {Oppgitt. Noen uker etter at partiet ble spilt, fant jeg tilfeldigvis ut
at dette var mitt 150. parti i Ås Sjakklubbs turneringer. Det er tydelig at
jeg ble et offer for gullklokkesyndromet; som kjent ender nesten alle
landskamper i fotball hvor en nordmann fÃ¥r gullklokka for 25 spilte
landskamper, med tap.} 0-1

[Event "Klubbmesterskap klasse 1"]
[Site "Ås"]
[Date "1990.??.??"]
[Round "?"]
[White "Johansen, Anders Sten"]
[Black "Hellberg, Lars"]
[Result "1-0"]
[WhiteElo "1568"]
[BlackElo "1374"]
[PlyCount "39"]
[EventDate "1990.??.??"]

1. e4 e5 2. Nf3 Nf6 3. Nxe5 d6 4. Nxf7 Kxf7 5. d4 c6 6. Nc3 Be7 7. Bc4+ Be6 8.
Bxe6+ Kxe6 9. f4 Kd7 10. O-O Kc7 11. e5 dxe5 12. fxe5 Nd5 13. Rf7 Nxc3 14. bxc3
Nd7 15. Rxg7 Qf8 16. Bh6 Re8 17. Qh5 c5 18. Rf1 Nf6 19. exf6 Kb8 20. Rxe7 1-0

[Event "Klubbmesterskap klasse 1"]
[Site "Ås"]
[Date "1990.02.13"]
[Round "1"]
[White "Lea, Per"]
[Black "Grønvold, Jan"]
[WhiteElo "1601"]
[BlackElo "1267"]
[Result "1-0"]
[PlyCount "42"]
1.e4 c5 2.Nf3 Nf6 3.Nc3 Nc6 4.d4 d5 5.e5 Ng4 6.dxc5 e6 7.h3 Ngxe5 8.
Nxe5 Nxe5 9.Be3 Qc7 10.Qd4 Bd7 11.Nb5 Bxb5 12.Bxb5+ Nc6 13.O-O Rc8 14.
c4 Rd8 15.Rfe1 e5 16.Bf4 Rd7 17.Bxe5 Nxd4 18.Bxc7+ Be7 19.Bxd7+ Kxd7
20.Rad1 Bxc5 21.Be5 Nc2
1-0

[Event "Klubbmesterskap klasse 1"]
[Site "Ås"]
[Date "1990.02.20"]
[Round "2"]
[White "Lea, Per"]
[Black "Johansen, Anders Sten"]
[WhiteElo "1601"]
[BlackElo "1568"]
[Result "1-0"]
[PlyCount "53"]
1.e4 c6 2.d4 d5 3.Nc3 dxe4 4.Nxe4 Bf5 5.Ng3 Bg6 6.h4 h6 7.Nf3 Nd7 8.
h5 Bh7 9.Bd3 Bxd3 10.Qxd3 Qc7 11.Bd2 Ngf6 12.O-O-O O-O-O 13.c4 e6 14.
Bc3 Bd6 15.Ne4 Nxe4 16.Qxe4 Nf6 17.Qe2 Rhe8 18.Ne5 Bxe5 19.dxe5 Nd7
20.Rd6 c5 21.Rhd1 Nb6 22.b3 Kb8 23.Qd3 Kc8 24.Qh7 f6 25.Rxd8+ Rxd8
26.Rxd8+ Kxd8 27.Qg8+
1-0

[Event "Klubbmesterskap klasse 1"]
[Site "Ås"]
[Date "1990.04.03"]
[Round "3"]
[White "Olsen, Trygve"]
[Black "Lea, Per"]
[WhiteElo "1287"]
[BlackElo "1601"]
[Result "0-1"]
[PlyCount "44"]
1.d4 d5 2.Nf3 Nf6 3.c4 e6 4.a3 Be7 5.Nc3 O-O 6.Bf4 a6 7.b4 dxc4 8.
e4 b5 9.Be2 Bb7 10.Qc2 Nc6 11.e5 Nd5 12.Nxd5 Qxd5 13.Rd1 a5 14.bxa5
Rxa5 15.Bc1 Bxa3 16.Ng5 g6 17.Bf3 Nxd4 18.Qc3 Qxe5+ 19.Kf1 Bxf3 20.
Nxf3 Qe2+ 21.Kg1 Qxd1+ 22.Ne1 Ne2+
0-1